| 000 | 01074nam a22002417a 4500 | ||
|---|---|---|---|
| 999 |
_c8724 _d8724 |
||
| 003 | AR-CdUCM | ||
| 008 | 190325b ||||| |||| 00| 0 spa d | ||
| 020 | _a9789972347047 | ||
| 040 |
_aMUNICIPALIDAD PROVINCIAL DEL CUSCO _cBIBLIOTECA MUNICIPAL DEL CUSCO |
||
| 082 |
_a307.24 / _bSU97 |
||
| 100 |
_aSuxo Yapuchura, Moisés _924360 |
||
| 245 |
_aLa voz de una nación : _blos aymaras de Lima Metropolitana, caso Unicachi / |
||
| 260 |
_aLima : _bEditorial San Marcos, _c2008. |
||
| 300 |
_a246 páginas ; _bilustraciones, gráficos ; _c20.5 cm. |
||
| 505 | _aContenido: Presencia del pueblo aymara de Unicachi en Lima -- apuntes socioculturales sobre Unicachi -- Migración de las familias de Unicachi hacia Lima -- Reflexiones sobre la nación y la cultura ... | ||
| 650 |
_aMigración rural-urbana - Perú _924361 |
||
| 650 |
_aAspectos sociales - Migración _924362 |
||
| 650 |
_aIndígenas aymaras -- Vida y costumbres _924363 |
||
| 650 |
_aEducación - Indígenas aymaras _924364 |
||
| 650 |
_aUnicachi - Puno _924365 |
||
| 942 |
_2ddc _cLIBROS |
||
| 945 | _alccs | ||